Σύγχρονο λεξικό όρων και θεμάτων γλωσσολογικών
Αποθηκεύτηκε σε:
| Κύριος συγγραφέας: | |
|---|---|
| Μορφή: | Βιβλίο |
| Γλώσσα: | Greek |
| Δημοσίευση: |
Αθήνα :
Σαββάλας,
2004.
|
| Θέματα: | |
| Ετικέτες: |
Προσθήκη ετικέτας
Δεν υπάρχουν, Καταχωρήστε ετικέτα πρώτοι!
|
MARC
| LEADER | 00000cam a2200000 a 4500 | ||
|---|---|---|---|
| 001 | 1/116317 | ||
| 008 | 180425s2004####gr | ||| |||| ||gre|| | ||
| 020 | |a 9789604231421 | ||
| 040 | |a GR-MyUa |b gre |c GR-MyUa |e AACR2 | ||
| 041 | 0 | |a gre | |
| 082 | 7 | |a 410.3 |2 (23) | |
| 100 | 1 | |a Σακελλαριάδης, Γιώργος Χρ. |d 1938- | |
| 245 | 1 | 0 | |a Σύγχρονο λεξικό όρων και θεμάτων γλωσσολογικών / |c Γεώργιος Χ. Σακελλαριάδης. |
| 260 | |a Αθήνα : |b Σαββάλας, |c 2004. | ||
| 300 | |a 478 σ. ; |c 25 εκ. | ||
| 504 | |a Βιβλιογραφία: σ. [453]-472. | ||
| 650 | 0 | |a Linguistics |x Dictionaries. | |
| 650 | 0 | |a Greek language, Modern |x Dictionaries. | |
| 650 | 0 | |a Encyclopedias and dictionaries |x Dictionaries. | |
| 852 | |a INST |b RHODES |e 20180425 |h 410.3 ΣΑΚ |p 005400039934 |q 005400039934 |t REF |y 23 | ||
| 970 | |z 24-04-2018 | ||